Statistics for Geography of Syria

Click here to take the quiz!

General Stats

  • This quiz has been taken 206 times
  • The average score is 12 of 20

Answer Stats

QuestionAnswer% Correct
What is the capital of Syria?Damascus
98%
What body of water does Syria border?Mediterranean Sea
95%
What country does Syria share its longest border with?Turkey
89%
What is Syria's most populous city by city proper?Aleppo
84%
What area did Israel take from Syria during the Six-Day War?{Golan} Heights
77%
What region includes Syria, Jordan, Israel and Lebanon?Levant
77%
What ancient vegetation area was Syria part of, also known as the "cradle of civilization"?{Fertile} Crescent
74%
Put on your thinking cap ...what desert covers most of Syria?{Syrian} Desert
72%
What is the longest river in Syria?Euphrates
69%
What is the main ethnic group of the people who founded the Rojava autonomous region?Kurds
65%
Put on your thinking cap ... what mountain range makes most of
Syria's border with Lebanon?
Anti-{Lebanon}
Mountains
64%
What large reservoir is built on that river by the Tabqa Dam?
(hint: nation's president)
Lake {Assad}
60%
What river makes Syria's extreme northeastern border with that country?Tigris
60%
What political party currently controls the Syrian government?Ba'ath
47%
What mosque in the capital is Syria's largest and one of world's oldest?
(hint: namesake of a major Islamic caliphate)
Umayyad Mosque
44%
What is the third-largest city in Syria, formerly known as Emesa?Homs
43%
What city, startin with R, did the ISIL make their capital in 2014?Raqqa
36%
What is the main port of Syria on the above?Latakia
30%
What city, starting with I, is considered the seat of the Syrian Salvation Government?Idlib
21%
What is the name of the above in Arabic?Halab
20%

Score Distribution

Percentile by Number Answered

Percent of People with Each Score

Your Score History

You have not taken this quiz